The rural economics of Rene De girardin: Landscapes at the service of L'ideologie nobiliaire (Record no. 514580)

000 -LEADER
fixed length control field 01147nam a22001457a 4500
008 - FIXED-LENGTH DATA ELEMENTS--GENERAL INFORMATION
fixed length control field 201120b ||||| |||| 00| 0 eng d
100 ## - MAIN ENTRY--PERSONAL NAME
Personal name Menudo, Jose, M. and Rieucau, Nicolas.
245 ## - TITLE STATEMENT
Title The rural economics of Rene De girardin: Landscapes at the service of L'ideologie nobiliaire
260 ## - PUBLICATION, DISTRIBUTION, ETC. (IMPRINT)
Place of publication, distribution, etc Journal of the History of Ideas
300 ## - PHYSICAL DESCRIPTION
Extent 81(3), Jul, 2020: 429-449
520 ## - SUMMARY, ETC.
Summary, etc René-Louis de Girardin is remembered for having invited Rousseau to hisErmenonville estate. Girardin believed it necessary to further the debate on gardens on the basis of a principle of continuity that rejects any idea of enclosure. This made it possible to establish an agricultural model that increased production and finally allowed the monopoly in grain sales to be broken. At the service of l'idéologienobiliaire, his analysis shows the existence of a form of economic thinking in the second half of the eighteenth century that, giving primacy to agriculture, nevertheless cannot fall within the paths of physiocrats and agronomists.- Reproduced
773 ## - HOST ITEM ENTRY
Main entry heading Journal of the History of Ideas
906 ## - LOCAL DATA ELEMENT F, LDF (RLIN)
Subject DIP RURAL ECONOMICS
942 ## - ADDED ENTRY ELEMENTS (KOHA)
Item type Articles
Holdings
Withdrawn status Lost status Source of classification or shelving scheme Damaged status Not for loan Permanent location Current location Date acquired Serial Enumeration / chronology Barcode Date last seen Koha item type
          Indian Institute of Public Administration Indian Institute of Public Administration 2020-11-20 81(3), Jul, 2020: 429-449 AR123573 2020-11-20 Articles

Powered by Koha